000 00792nam a2200241Ia 4500
003 OSt
005 20220923223447.0
006 a|||||r|||| 00| 0
007 ta
008 220922b |||||||| |||| 00| 0 hin d
024 _a216,535
037 _cTextual
040 _aARTS
_cARTS
_bhin
041 _2hin
_ahin
082 _aO44,3(Y5927)x, 152P3
100 _aगुप्ता, रमणिका, संपा.
245 0 _aदलित कहानी सचंयन
246 _aDalit kahānī sachanyana
260 _aनई दिल्ली
_b साहित्य अकादेमी
_c2003
300 _a400i`
_ccm.
942 _hO44,3(Y5927)x, 152P3
_cTEXL
_2CC
999 _c365469
_d365469